000
00255nmm a2200085Ia 4500
008
220120s9999||||xx |||||||||||||||||und||
100
_a
Amit Kumar
_9
10725
245
0
_a
Smart card based electronic voting mechine
260
_a
Coorg Institute of Technology
_c
2000
999
_c
138552
_d
138552